Southville International School and Colleges
Your cart is empty.
  • Cart
  • Lists
    Public lists Eva Luna New books Lux_list list_1
    Your lists Log in to create your own lists
  • Log in to your account
  • Your cookies
  • Search history
Southville International School and Colleges
  • Advanced search
  • Recent comments
  • Most popular
  • Libraries

Log in to your account

Log in with GOOGLE


If you do not have an external account, but do have a local account, you can still log in:

  1. Home
  2. MARC view: Disappearing alphabet (The) /
Normal view MARC view ISBD view

Disappearing alphabet (The) / (Record no. 113118)

[ view plain ]
MARC details
000 -LEADER
fixed length control field 00711nam a2200193 a 4500
001 - CONTROL NUMBER
control field 3398
005 - DATE AND TIME OF LATEST TRANSACTION
control field 20140414132003.0
008 - FIXED-LENGTH DATA ELEMENTS--GENERAL INFORMATION
fixed length control field 040719s19uu xx 00 eng d
020 ## - INTERNATIONAL STANDARD BOOK NUMBER
International Standard Book Number 0-15-216362-X
050 ## - LIBRARY OF CONGRESS CALL NUMBER
Classification number TR 811.52
Item number W63 1998
100 ## - MAIN ENTRY--PERSONAL NAME
Personal name Wilbur, Richard
245 ## - TITLE STATEMENT
Title Disappearing alphabet (The) /
Statement of responsibility, etc Richard Wilbur ; illustrated by David Diaz.
260 ## - PUBLICATION, DISTRIBUTION, ETC. (IMPRINT)
Place of publication, distribution, etc San Diego :
Name of publisher, distributor, etc Voyager Books,
Date of publication, distribution, etc 1998.
300 ## - PHYSICAL DESCRIPTION
Extent 1 v. p. : ill. ; cm.
520 ## - SUMMARY, ETC.
Summary, etc A collection of twenty-six short poems pondering what the world would be like if any of the letters of the alphabet should disappear.
650 ## - SUBJECT ADDED ENTRY--TOPICAL TERM
Topical term or geographic name as entry element English language
General subdivision Alphabet
-- Juvenile poetry.
650 ## - SUBJECT ADDED ENTRY--TOPICAL TERM
Topical term or geographic name as entry element Children's poetry, American.
Holdings
Withdrawn status Lost status Damaged status Use restrictions Home library Current library Shelving location Date acquired Source of acquisition Cost, normal purchase price Total Checkouts Full call number Barcode Date last seen Price effective from Koha item type
        Munich Library Munich Library Teachers Reference Section 07/19/2004   275.00   TR 811.52 W63 1998 M4608 04/14/2014 04/14/2014 Books

Disappearing alphabet (The) /

APA

Wilbur R., . (1998). Disappearing alphabet (The). San Diego: Voyager Books.

Chicago

Wilbur Richard, . 1998. Disappearing alphabet (The). San Diego: Voyager Books.

Harvard

Wilbur R., . (1998). Disappearing alphabet (The). San Diego: Voyager Books.

MLA

Wilbur Richard, . Disappearing alphabet (The). San Diego: Voyager Books. 1998.

  • Place hold
  • Print
  • Cite
  • Add to your cart (remove)
  • Save record
    BIBTEX Dublin Core MARCXML MARC (non-Unicode/MARC-8) MARC (Unicode/UTF-8) MARC (Unicode/UTF-8, Standard) MODS (XML) RIS
  • More searches
    Search for this title in:
    Other Libraries (WorldCat) Other Databases (Google Scholar) Online Stores (Bookfinder.com) Open Library (openlibrary.org)

Exporting to Dublin Core...

SOUTHVILLE LIBRARY

Southville International School and Colleges Library

1281 Tropical Ave. Cor. Luxembourg St., BF Homes International, Las Pinas City

Tel. No. 8256374 / 252358 Loc. 117/146

Powered by Koha